<?xml version="1.0" encoding="UTF-8"?>
<collection xmlns="http://www.loc.gov/MARC21/slim">
<record>
  <controlfield tag="000">02126ckm\a22003372i\4500</controlfield>
  <controlfield tag="001">128751</controlfield>
  <controlfield tag="005">20251009083226.0</controlfield>
  <controlfield tag="007">ke\ca\</controlfield>
  <controlfield tag="008">021217s1927\\\\xx\000\\\\\\\\\\\\an\\\\u</controlfield>
  <datafield tag="035" ind1=" " ind2=" ">
    <subfield code="a">(DCFGES)00700209</subfield>
  </datafield>
  <datafield tag="035" ind1=" " ind2=" ">
    <subfield code="a">128751</subfield>
  </datafield>
  <datafield tag="040" ind1=" " ind2=" ">
    <subfield code="a">DFo</subfield>
    <subfield code="c">DFo</subfield>
    <subfield code="d">UtOrBLW</subfield>
  </datafield>
  <datafield tag="099" ind1=" " ind2=" ">
    <subfield code="a">FPb58</subfield>
  </datafield>
  <datafield tag="100" ind1="1" ind2=" ">
    <subfield code="a">Salisbury, Frank O.</subfield>
    <subfield code="q">(Frank Owen),</subfield>
    <subfield code="d">1874-1962,</subfield>
    <subfield code="0">nr 00037279,</subfield>
    <subfield code="e">artist.</subfield>
  </datafield>
  <datafield tag="245" ind1="1" ind2="0">
    <subfield code="a">Emily Jordan Folger</subfield>
    <subfield code="h">[graphic] /</subfield>
    <subfield code="c">Frank O Salisbury 1927.</subfield>
  </datafield>
  <datafield tag="260" ind1=" " ind2=" ">
    <subfield code="c">1927.</subfield>
  </datafield>
  <datafield tag="300" ind1=" " ind2=" ">
    <subfield code="a">1 painting on canvas :</subfield>
    <subfield code="b">oil ;</subfield>
    <subfield code="c">49 1/2 x 39 1/2 in. (sight)</subfield>
  </datafield>
  <datafield tag="336" ind1=" " ind2=" ">
    <subfield code="a">still image</subfield>
    <subfield code="b">sti</subfield>
    <subfield code="2">rdacontent</subfield>
  </datafield>
  <datafield tag="337" ind1=" " ind2=" ">
    <subfield code="a">unmediated</subfield>
    <subfield code="b">n</subfield>
    <subfield code="2">rdamedia</subfield>
  </datafield>
  <datafield tag="340" ind1=" " ind2=" ">
    <subfield code="a">canvas</subfield>
    <subfield code="2">rdamat</subfield>
  </datafield>
  <datafield tag="340" ind1=" " ind2=" ">
    <subfield code="c">oil paint</subfield>
    <subfield code="2">rdamat</subfield>
  </datafield>
  <datafield tag="340" ind1=" " ind2=" ">
    <subfield code="g">polychrome</subfield>
    <subfield code="2">rdacc</subfield>
  </datafield>
  <datafield tag="500" ind1=" " ind2=" ">
    <subfield code="a">Signed and dated at upper right. The fan held by Mrs. Folger depicts the wedding scene from Henry V and is now Folger ART Inv. 1132.</subfield>
  </datafield>
  <datafield tag="500" ind1=" " ind2=" ">
    <subfield code="a">Title from Pressly.</subfield>
  </datafield>
  <datafield tag="500" ind1=" " ind2=" ">
    <subfield code="a">This is a PRELIMINARY RECORD. It contains unverified data from a re-keying contract and may contain incorrect or incomplete information. Please email catalog@folger.edu for assistance.</subfield>
    <subfield code="5">DFo</subfield>
  </datafield>
  <datafield tag="510" ind1="4" ind2=" ">
    <subfield code="a">Pressly, W.L.  Paintings in the Folger Shakespeare Library,</subfield>
    <subfield code="c">A7</subfield>
  </datafield>
  <datafield tag="530" ind1=" " ind2=" ">
    <subfield code="a">Also available as a digital reproduction.</subfield>
  </datafield>
  <datafield tag="561" ind1=" " ind2=" ">
    <subfield code="a">Commissioned from the artist; received in March 1927.</subfield>
  </datafield>
  <datafield tag="583" ind1=" " ind2=" ">
    <subfield code="a">See curatorial file for condition information.</subfield>
  </datafield>
  <datafield tag="600" ind1="1" ind2="0">
    <subfield code="a">Folger, Emily C. J.</subfield>
    <subfield code="q">(Emily Clara Jordan),</subfield>
    <subfield code="d">1858-1936</subfield>
    <subfield code="0">nr2003016105</subfield>
    <subfield code="v">Portraits.</subfield>
    <subfield code="0">sh 99001681 </subfield>
  </datafield>
  <datafield tag="655" ind1=" " ind2="7">
    <subfield code="a">Portrait paintings.</subfield>
    <subfield code="0">tgm008082g</subfield>
    <subfield code="2">gmgpc</subfield>
  </datafield>
  <datafield tag="852" ind1="8" ind2=" ">
    <subfield code="a">US-DFo</subfield>
    <subfield code="b">RR-Old</subfield>
    <subfield code="h">FPb58</subfield>
    <subfield code="x">EB 2001-11-26 added note about bill</subfield>
    <subfield code="z">Bill in Art case files "BILLS. Paintings, drawings, etc." in Salisbury's hand, dated March 21, 1924 (copy in curatorial file): $7000 for both paintings, $250 each for carved framed antiqued silver, $96 for plate glass and packing case.</subfield>
    <subfield code="7">230258</subfield>
  </datafield>
  <datafield tag="856" ind1="4" ind2="1">
    <subfield code="u">https://digitalcollections.folger.edu/img210</subfield>
    <subfield code="z">Digital image(s) of Folger Shakespeare Library FPb58</subfield>
  </datafield>
  <datafield tag="909" ind1="C" ind2="O">
    <subfield code="o">oai:catalog.folger.edu:128751</subfield>
    <subfield code="p">GLOBAL_SET</subfield>
  </datafield>
  <datafield tag="980" ind1=" " ind2=" ">
    <subfield code="a">BIB</subfield>
  </datafield>
  <datafield tag="983" ind1=" " ind2=" ">
    <subfield code="a">Online</subfield>
  </datafield>
  <datafield tag="983" ind1=" " ind2=" ">
    <subfield code="a">Vault</subfield>
  </datafield>
</record>
</collection>